Estadística de procesos estocásticos y aplicaciones a las redes sociales /
Guardado en:
| Otros Autores: | , , |
|---|---|
| Formato: | Manuscrito |
| Idioma: | Spanish |
| Publicado: |
2013.
|
| Materias: | |
| Etiquetas: |
Agregar Etiqueta
Sin Etiquetas, Sea el primero en etiquetar este registro!
|
| LEADER | 01213ntm a22003135a 4500 | ||
|---|---|---|---|
| 001 | MAT.inmabb007044 | ||
| 008 | 140811s2013####ag#######bm###000#0#spa#d | ||
| 005 | 20150506083538.0 | ||
| 245 | 1 | 0 | |a Estadística de procesos estocásticos y aplicaciones a las redes sociales / |c Melina Valeria Guardiola. |
| 260 | |c 2013. | ||
| 300 | |a 105 h. ; |c 30 cm. | ||
| 500 | |a "Tesis de Doctor en Matemática". | ||
| 500 | |a Director de tesis: Gonzalo Perera; supervisión: Ana Tablar. | ||
| 502 | |a Tesis (doctor)--Universidad Nacional del Sur. Departamento de Matemática, 2014. | ||
| 504 | |a Incluye referencias bibliográficas. | ||
| 100 | 1 | |a Guardiola, Melina Valeria. |4 dis | |
| 700 | 1 | |a Perera, Gonzalo, |d 1966- |4 ths | |
| 700 | 1 | |a Tablar, Ana Cecilia. | |
| 710 | 2 | |a Universidad Nacional del Sur. |b Departamento de Matemática |4 dgg. | |
| 082 | 0 | 4 | |a 040 |2 15 |
| 082 | 0 | 4 | |a 519.23 |2 21 |
| 082 | 0 | 4 | |a 004.6 |2 21 |
| 650 | 7 | |a Matemáticas. |2 unbist | |
| 653 | |a Procesos estocásticos | ||
| 650 | 7 | |a Estadística. |2 unbist | |
| 653 | |a Redes sociales en Internet | ||
| 653 | |a Facebook | ||
| 859 | |a AR-BaUNS |b BIB. MATEMATICA |h 040 |i B148 2014-1301 |k R |p 124569/014 | ||
| 859 | |a AR-BaUNS |b BIB. MATEMATICA |h 040 |i B148 2014-1301 |p 124570/014 | ||
